Michael Jordan Quiz - Statistics

General Stats
  • This quiz has been taken 520 times
  • The average score is 10 of 12
Answer Stats
Hint Answer % Correct
Championships won 6
99%
Number 23
96%
Number draft pick 3
96%
MVPs 5
96%
Year Drafted 1984
95%
Team #1 Bulls
95%
Team #2 Wizards
93%
All Star games 14
92%
College North Carolina
91%
Height 6'6
90%
State born in New York
54%
City born in Brooklyn
42%
No matching quizzes found
Score Distribution
Percent of People with Each Score
Percentile by Number Answered
Your Score History
You have not taken this quiz